000 00674nam a2200229 a 4500
001 000046514
003 DO-SdBNP
005 20230127103549.0
007 ta
008 150821s2015 dr 000 0 spa d
020 _a9789945166811
040 _aDO-SdBNP
_bspa
_cBNPHU
082 _axxxx
_bH557l
_222
100 1 _aHernández Faña, Andrés
_d1963-
_974502
245 1 3 _aEl lenguaje de las flores :
_bdécimas /
_cAndrés Hernández Faña.
260 _aSanto Domingo :
_bEditora Búho,
_c2015.
300 _a198 p. ;
_c24 cm.
500 _aIncluye datos biográficos del autor en las solapas
590 _aInventariado, 2023 / DG
910 _aDG
942 _2ddc
_cLBS1
999 _c46003
_d46003